000 00284nam a22001337a 4500
008 171122b xxu||||| |||| 00| 0 eng d
020 _a9780558209674
041 _aeng
080 _a91
100 _a42
101 _aGJE
245 _aEARTH SCIENCE
_cTARBUCK.L
942 _2udc
_cBK
999 _c38295
_d38295